New Zealand Rugby All Blacks - 5 or more tries vs Australia - Statistics

General Stats
  • This quiz has been taken 82 times
    29 since last reset
  • The average score is 14 of 21
Answer Stats
Tries Player % Correct
11 Richard McCaw
100%
11 Beauden Barrett
95%
8 Ben Smith
95%
6 Julian Savea
95%
7 John Kirwan
90%
11 Ma'a Nonu
90%
8 Christian Cullen
86%
6 Jonah Lomu
86%
8 Doug Howlett
81%
7 Joe Rokocoko
81%
5 Israel Dagg
71%
5 Cory Jane
67%
5 Justin Marshall
57%
5 Mils Muliaina
57%
5 Sean Fitzpatrick
57%
6 Frank Bunce
48%
6 Rieko Ioane
43%
8 Ian Kirkpatrick
33%
5 Tony Woodcock
29%
5 Frank Mitchinson
0%
5 Ron Jarden
0%
No matching quizzes found
Score Distribution
Percent of People with Each Score
Percentile by Number Answered
Your Score History
You have not taken this quiz since the last reset